000 01545nam a2200241 a 4500
001 000027567
003 DO-SdBNP
005 20240927073748.0
008 110401t1976 sp 001 0dspa d
040 _aDO-SdBNP
_bspa
_cBNPHU
082 _a972.9304
_bS211a
100 1 _aSánchez, Rafael Augusto,
_d1891-1964
_954661
245 1 0 _aAl cabo de los cien años :
_btentativa de una justificación histórica /
_cRafael Augusto Sánchez ; prólogo Joaquín Balaguer.
260 _aBarcelona, España :
_bGráficas Manuel Pareja,
_c1976.
300 _a328 p. :
_bretr. ;
_c23 cm.
505 0 _gPalabras liminares /
_rJoaquín Balaguer --
_tIntroducción --
_tLos antecedentes --
_tAntecedentes económicos, geográficos i biológicos --
_tLa reconquista --
_tEl movimiento de Núñez de Cáceres --
_tAntecedentes étnicos e históricos --
_tLa separación --
_tLa república de los separatistas --
_tEn vísperas de la anexión --
_tLa restauración --
_tLa república de los restauradores --
_tLa concepción dominicana del Estado --
_tOtros factores adversos --
_tLa independencia prematura --
_tEl rasero social (igualdad infecunda) --
_tLa sobriedad dominicana --
_tLa desorientación --
_tUna posibilidad y una esperanza.
590 _aInventariado, 2020/VM
651 1 4 _aRepública Dominicana
_xHistoria
_yIndependencia efímera, 1821
_954662
651 1 4 _aRepública Dominicana
_xHistoria
_yOcupación haitiana, 1822-1844
_97666
700 1 _a Balaguer, Joaquín,
_d1906-2002
_epról.
_976556
910 _aValidado. Control de calidad EMS.
942 _2ddc
_cLBS1
999 _c27059
_d27059